000 00296nam a22001337a 4500
082 _a8948123
_bH&C/H
100 _aHANNA G
245 _aHELEN KELLER
250 _aFIRST
260 _aTHRISSUR
_bH&C PUBLISHING HOUSE
_c2010
300 _a48
650 _aMALAYALAM SHORT STORY
_zKERALA
942 _cBK
999 _c1086
_d1086